Plan decenal de cultura 2016 - 2026 del departamento de Cundinamarca (Registro nro. 302689)

Detalles MARC
000 -ENCABEZADO
Número de control [NR] 01231 a2200301 4500
005 - FECHA Y HORA DE LA ÚLTIMA TRANSACCIÓN
control field 20160219115004.0
008 - DE LONGITUD FIJA DE DATOS DE ELEMENTOS - INFORMACIÓN GENERAL
Elementos de longitud fija [NR] 160219s2015 ck ||||fr|||| 001 0 spa d
020 ## - NUMERO INTERNACIONAL NORMALIZADO PARA LIBROS [R]
Número Internacional Normalizado del libro [NR] 9789588866918
040 ## - FUENTE DE CATALOGACION [NR]
Agencia de catalogación original [NR] CO-BoUCM
Idioma de catalogación [NR] spa
Quien Cataloga Saul Niño
Quien Clasifica Saul Niño
041 0# - CODIGO DE IDIOMA [R]
Código de idioma para texto/pista de sonido o título separado [R] Español
100 ## - ASIENTO PRINCIPAL--NOMBRE PERSONAL [NR]
Nombre personal [NR] Ceballos, Miguel
ID Autoridad 75655
245 10 - MENCION DE TITULO [NR]
Título [NR] Plan decenal de cultura 2016 - 2026 del departamento de Cundinamarca
Mención de responsabilidad, etc. [NR] Miguel Antonio Ceballos Arévalo ... [y otros.]
260 ## - PUBLICACION, DISTRIBUCION, ETC. (PIE DE IMPRENTA) [R]
Fecha de publicación, distribución, etc. [R] 2015
Nombre del editor, distribuidor, etc. [R] Universidad Sergio Arboleda
Lugar de publicación, distribución, etc. [R] Bogotá (Colombia)
300 ## - DESCRIPCION FISICA [R]
Extensión [R] 141 páginas
490 0# - MENCION DE SERIE [R]
Mención de serie [R] Investigación
504 ## - NOTA DE BIBLIOGRAFIA, ETC. [R]
Nota de bibliografía, etc. [NR] Incluye referencias bibliográficas e índices
650 #7 - ASIENTO SECUNDARIO DE MATERIA - TERMINO TEMATICO [R]
9 (RLIN) 21936
Término temático o nombre geográfico como elemento de entrada [NR] Política cultural
Subdivisión cronológica [R] 2016-2026
Subdivisión geográfica [R] Colombia
650 #7 - ASIENTO SECUNDARIO DE MATERIA - TERMINO TEMATICO [R]
9 (RLIN) 21639
Término temático o nombre geográfico como elemento de entrada [NR] Planificación cultural
Subdivisión cronológica [R] 2016-2026
Subdivisión geográfica [R] Colombia
651 ## - ASIENTO SECUNDARIO DE MATERIA - NOMBRE GEOGRAFICO [R]
Nombre geográfico [NR] Cundinamarca (Colombia)
Subdivisión general [R] Política social
-- Investigaciones
9 (RLIN) 75656
690 #0 - ASUNTO AGREGADO LOCAL DE ENTRADA - TÉRMINO TEMÁTICO (OCLC, RLIN)
Acceso temático local Sociología
9 (RLIN) 386
700 1# - ASIENTO SECUNDARIO - NOMBRE PERSONAL [R]
Nombre personal [NR] Ceballos Arévalo, Miguel Antonio
9 (RLIN) 75657
700 1# - ASIENTO SECUNDARIO - NOMBRE PERSONAL [R]
Nombre personal [NR] Quiñones Valero, Antonio
9 (RLIN) 75658
700 1# - ASIENTO SECUNDARIO - NOMBRE PERSONAL [R]
Nombre personal [NR] Castro Agudelo, Santiago José
9 (RLIN) 57187
700 1# - ASIENTO SECUNDARIO - NOMBRE PERSONAL [R]
Nombre personal [NR] Manrique Zuluaga, Viviana
9 (RLIN) 75659
700 1# - ASIENTO SECUNDARIO - NOMBRE PERSONAL [R]
Nombre personal [NR] González Quintero, Rodrigo
9 (RLIN) 75660
942 ## - ELEMENTOS DE ENTRADA AGREGADOS (KOHA)
Sistema de clasificación DEWEY
Tipo de ítem principal el descrito en 300a Libro
Tema principal Sociología
Edición 1
Clasificación 306.08968861
Parte restante de la signatura top. P699pl
Existencias
Total préstamos Signatura topográfica Código de barras Última vez visto Ejemplar Costo de reposición Price effective from Tipo de ítem Perdido Sistema de clasificación Dañado No prestable Tipo de ítem específico Suprimido Ubicación habitual Ubicación actual Localización Fecha de creación Proveedor Forma de adquisición Costo
  306.08968861 P699pl 100148822 09/12/2025 Ej.1 26000.00 10/02/2016 Libro   DEWEY     Libro   Claustro Claustro 2do piso 10/02/2016 12 Donación 0.00